| 000 | 01007nac a22003011i 4500 | ||
|---|---|---|---|
| 003 | EG-ScBUE | ||
| 005 | 20230110113950.0 | ||
| 008 | 100915t1998 enka f 000 0 eng d | ||
| 020 | _a0737000198 | ||
| 020 | _a9781900518680 | ||
| 040 |
_aEG-ScBUE _beng _erda _cEG-ScBUE _dEG-ScBUE |
||
| 082 | 0 | 4 |
_a747 _bPER _222 |
| 100 | 1 |
_aPerers, Kristin, _d1962- _eauthor. _919296 |
|
| 245 | 1 | 4 |
_aThe seasonal home : _bdecorating ideas inspired by the seasons / _cKristin Perers ; photography by James Merrell. |
| 264 | 1 |
_aLondon : _bRyland Peters & Small, _c[1998] |
|
| 264 | 4 | _cc1998 | |
| 300 |
_a126 pages : _bcolor illustrations ; _c25 cm |
||
| 336 |
_2rdacontent _atext _btxt |
||
| 337 |
_2rdamedia _aunmediated _bn |
||
| 338 |
_2rdacarrier _avolume _bnc |
||
| 650 | 7 |
_aHouse furnishings. _2BUEsh _919297 |
|
| 650 | 7 |
_aInterior decoration. _2BUEsh _919298 |
|
| 650 | 7 |
_aHandicraft. _2BUEsh _919299 |
|
| 653 | _bART | ||
| 655 | _vReading book | ||
| 700 | 1 |
_aMerrell, James, _ephotographer. _919300 |
|
| 942 |
_cBB _2ddc |
||
| 999 |
_c4467 _d4467 |
||